Arte francés /

El autor pretende mostrar la continuidad del arte francés, desde la formación del arte románico, de las supervivencias del espíritu gótico en el siglo XVII, del pre-romanticismo en el siglo XVIII, hasta el siglo XX, destacando sus diversidades regionales.

I tiakina i:
Ngā taipitopito rārangi puna kōrero
Kaituhi matua: Guinard, Paul (autor)
Hōputu: Pukapuka
Reo:Pāniora
Rangatū:(Biblioteca de Iniciación Cultural ; Artes Plásticas) 281, 282.
Ngā marau:
Ngā Tūtohu: Tāpirihia he Tūtohu
Kāore He Tūtohu, Me noho koe te mea tuatahi ki te tūtohu i tēnei pūkete!

MARC

LEADER 00000nam^a2200000^a^4500
001 000110578
005 20250521000000.0
009 20260310093801.228
037 |a Acervo ITESO - Biblioteca 
041 |a ESP 
082 |a 709. 44  |b GUI 
100 |a Guinard, Paul  |e (autor) 
245 1 0 |a Arte francés /  |c P. Guinard ; tr. por Manuel Sánchez Sarto. 
264 |a Barcelona, España :  |b Labor,  |c 1931 
300 |a 448 p. 
336 |a texto  |b txt  |2 rdacontenido 
337 |a sin mediación  |b n  |2 rdamedio 
338 |a volumen  |b nc  |2 rdasoporte 
440 1 |a (Biblioteca de Iniciación Cultural ;  |v 281, 282.  |p Artes Plásticas) 
520 |a El autor pretende mostrar la continuidad del arte francés, desde la formación del arte románico, de las supervivencias del espíritu gótico en el siglo XVII, del pre-romanticismo en el siglo XVIII, hasta el siglo XX, destacando sus diversidades regionales. 
649 |a XX 
650 |a Arte Románico -  |z Francia -  |x Historia y Crítica 
650 |a Arte Gótico -  |z Francia -  |x Historia y Crítica 
650 |a Arte Renacentista -  |z Francia -  |x Historia y Crítica 
650 |a Arte Neoclásico -  |z Francia -  |x Historia y Crítica 
650 |a Impresionismo -  |z Francia -  |x Historia y Crítica 
650 |a Arte Moderno -  |z Francia -  |x Historia y Crítica 
650 |a Arte Francés -  |x Historia y Crítica -  |x Tema Principal 
910 |a Fondo Salvador Reynoso Reynoso 
920 |a Impresos - Libros 
930 |a Fondos Especiales 
905 |a 112 
901 |a 0800000589  |b IT2  |c ESP  |u 20250521 
902 |a https://opac.biblio.iteso.mx/vufind/Record/000110578